Detalles MARC
| 000 -CABECERA |
| campo de control de longitud fija |
01187nam a2200241 a 4500 |
| 001 - NÚMERO DE CONTROL |
| campo de control |
000026011 |
| 005 - FECHA Y HORA DE LA ÚLTIMA TRANSACCIÓN |
| campo de control |
20250621074007.0 |
| 008 - DATOS DE LONGITUD FIJA--INFORMACIÓN GENERAL |
| campo de control de longitud fija |
110225s1990 dr 000 0 spa d |
| 040 ## - FUENTE DE LA CATALOGACIÓN |
| Centro catalogador/agencia de origen |
DO-SdBNP |
| Lengua de catalogación |
spa |
| Centro/agencia transcriptor |
BNPHU |
| 082 ## - NÚMERO DE LA CLASIFICACIÓN DECIMAL DEWEY |
| Número de clasificación |
320.97293 |
| Número de documento/Ítem |
P965p |
| 110 2# - ENTRADA PRINCIPAL--NOMBRE DE ENTIDAD CORPORATIVA |
| Nombre de entidad corporativa o nombre de jurisdicción como elemento de entrada |
Movimiento de Renovación (MODERNO) |
| 9 (RLIN) |
52914 |
| 245 10 - MENCIÓN DE TÍTULO |
| Título |
Propuesta para el fortalecimiento de la institucionalidad democrática. |
| 260 ## - PUBLICACIÓN, DISTRIBUCIÓN, ETC. |
| Lugar de publicación, distribución, etc. |
Santo Domingo : |
| Nombre del editor, distribuidor, etc. |
Ediciones de MODERNO, |
| Fecha de publicación, distribución, etc. |
1990. |
| 300 ## - DESCRIPCIÓN FÍSICA |
| Extensión |
75 p. ; |
| Dimensiones |
21 cm. |
| 490 1# - MENCIÓN DE SERIE |
| Mención de serie |
Publicaciones Movimiento de Renovación |
| Designación de volumen o secuencia |
1 |
| 505 0# - NOTA DE CONTENIDO CON FORMATO |
| Nota de contenido con formato |
Introducción -- |
| Título |
La democracia como forma de vida -- |
| -- |
Democracia e instituciones públicas -- |
| -- |
Democracia e instituciones sociales -- |
| -- |
Democracia y partidos políticos -- |
| -- |
Democracia y mecanismos de delegación -- |
| -- |
Defensa Nacional y seguridad ciudadana -- |
| -- |
La política exterior dominicana -- |
| -- |
Políticas específicas -- |
| 590 ## - NOTA LOCAL (RLIN) |
| Nota local |
Inventariado, 2018/LP |
| 650 #0 - PUNTO DE ACCESO ADICIONAL DE MATERIA--TÉRMINO DE MATERIA |
| Término de materia o nombre geográfico como elemento de entrada |
Democracia |
| 9 (RLIN) |
286 |
| 651 #0 - PUNTO DE ACCESO ADICIONAL DE MATERIA--NOMBRE GEOGRÁFICO |
| Nombre geográfico |
República Dominicana |
| Subdivisión general |
Política y gobierno |
| 9 (RLIN) |
45 |
| 651 #4 - PUNTO DE ACCESO ADICIONAL DE MATERIA--NOMBRE GEOGRÁFICO |
| Nombre geográfico |
República Dominicana |
| Subdivisión general |
Relaciones Exteriores |
| 9 (RLIN) |
2258 |
| 830 #0 - PUNTO DE ACCESO ADICIONAL DE SERIE-TÍTULO UNIFORME |
| Título uniforme |
Publicaciones Movimiento de Renovación ; |
| Número de parte o sección de la obra |
1 |
| 9 (RLIN) |
52915 |
| 910 ## - DATOS DE OPCIÓN DEL USUARIO (OCLC) |
| Datos de opción del usuario |
Validado. Control de calidad MFF |